World Literary : (Record no. 13570)
[ view plain ]
| 000 -LEADER | |
|---|---|
| fixed length control field | 00453nam a22001577a 4500 |
| 003 - CONTROL NUMBER IDENTIFIER | |
| control field | OSt |
| 005 - DATE AND TIME OF LATEST TRANSACTION | |
| control field | 20140310182443.0 |
| 008 - FIXED-LENGTH DATA ELEMENTS--GENERAL INFORMATION | |
| fixed length control field | 130803t xxu||||| |||| 00| 0 eng d |
| 020 ## - INTERNATIONAL STANDARD BOOK NUMBER | |
| International Standard Book Number | 9789717251493 |
| 050 ## - LIBRARY OF CONGRESS CALL NUMBER | |
| Classification number | PN 524 |
| Item number | .T291 2008 |
| 245 ## - TITLE STATEMENT | |
| Title | World Literary : |
| Statement of responsibility, etc | The literary masterpieces of the world |
| 260 ## - PUBLICATION, DISTRIBUTION, ETC. (IMPRINT) | |
| Place of publication, distribution, etc | Pateros, Metro Manila : |
| Name of publisher, distributor, etc | Grandwater Publications, |
| Date of publication, distribution, etc | c2008. |
| 300 ## - PHYSICAL DESCRIPTION | |
| Extent | iv, 333 p. : |
| Dimensions | 22 cm. |
| 942 ## - ADDED ENTRY ELEMENTS (KOHA) | |
| Source of classification or shelving scheme | Library of Congress Classification |
| Koha item type | |
| Withdrawn status | Lost status | Source of classification or shelving scheme | Damaged status | Home library | Current library | Shelving location | Date acquired | Total Checkouts | Total Renewals | Full call number | Barcode | Date last seen | Date checked out | Copy number | Price effective from | Koha item type |
|---|---|---|---|---|---|---|---|---|---|---|---|---|---|---|---|---|
| Library of Congress Classification | South SEED-LPDH College Library | South SEED-LPDH College Library | South SEED-LPDH College Section | 08/03/2013 | 2 | 4 | PN 524 .T291 2008 | SSLC0855 | 08/23/2019 | 08/13/2019 | 1 | 08/03/2013 | Books |